Полимеры на основе N-винилсукцинимида

Chi tiết về thư mục
Tác giả chính: Лавров Н. А. Николай Алексеевич
Tóm tắt:В монографии представлены результаты комплексного исследования радикальной полимеризации N-винилсукцинимида, его сополимеризации с другими мономерами. Установлена взаимосвязь строения мономеров, кинетических параметров процессов (со)полимсризации и природы реакционной среды. Выявлены основные факторы, оказывающие влияние на реакционную способность мономеров и проанализировано их совокупное воздействие. Разработаны теоретические положения, определяющие возможность целенаправленного изменения относительной активности мономеров в реакциях бинарной сополимеризации, регулирования реакций роста макроцепи и позволяющие получать сополимеры с улучшенным чередованием звеньев. Показана возможность осуществления направленных процессов химической модификации полимеров. На основе синтезированных полимеров возможно получение различных веществ и материалов медико-биологического назначения, эластичных пленок, полимеров — носителей лекарственных препаратов, гидрогелей и др. Монография будет интересна научным работникам и аспирантам, работающим в области радикальной полимеризации и сополимеризации, модификации полимеров, изучающим кинетику полимеризационных процессов, создающим полимеры медико-биологиЧсского назначения.
Ngôn ngữ:Tiếng Nga
Được phát hành: СПб., Профессия, 2011
Những chủ đề:
Định dạng: Sách
KOHA link:https://koha.lib.tpu.ru/cgi-bin/koha/opac-detail.pl?biblionumber=210701

MARC

LEADER 00000nam0a2200000 4500
001 210701
005 20231101225629.0
010 |a 9785918840313 
035 |a (RuTPU)RU\TPU\book\230127 
090 |a 210701 
100 |a 20120301d2011 k y0rusy50 ca 
101 0 |a rus 
102 |a RU 
105 |a a z 001zy 
200 1 |a Полимеры на основе N-винилсукцинимида  |f Н. А. Лавров 
210 |a СПб.  |c Профессия  |d 2011 
215 |a 239 с.  |c ил. 
320 |a Библиогр.: с. 212-239. 
330 |a В монографии представлены результаты комплексного исследования радикальной полимеризации N-винилсукцинимида, его сополимеризации с другими мономерами. Установлена взаимосвязь строения мономеров, кинетических параметров процессов (со)полимсризации и природы реакционной среды. Выявлены основные факторы, оказывающие влияние на реакционную способность мономеров и проанализировано их совокупное воздействие. Разработаны теоретические положения, определяющие возможность целенаправленного изменения относительной активности мономеров в реакциях бинарной сополимеризации, регулирования реакций роста макроцепи и позволяющие получать сополимеры с улучшенным чередованием звеньев. Показана возможность осуществления направленных процессов химической модификации полимеров. На основе синтезированных полимеров возможно получение различных веществ и материалов медико-биологического назначения, эластичных пленок, полимеров — носителей лекарственных препаратов, гидрогелей и др. Монография будет интересна научным работникам и аспирантам, работающим в области радикальной полимеризации и сополимеризации, модификации полимеров, изучающим кинетику полимеризационных процессов, создающим полимеры медико-биологиЧсского назначения. 
606 1 |a Мономеры виниловые  |x Полимеризация каталитическая  |2 stltpush  |3 (RuTPU)RU\TPU\subj\32424  |9 54979 
610 1 |a винилсукцинимид 
610 1 |a получение 
610 1 |a свойства 
610 1 |a гомополимеризация 
610 1 |a кинетика 
610 1 |a радикальная сополимеризация 
610 1 |a реакционная среда 
610 1 |a растворители 
610 1 |a бутилакрилат 
610 1 |a относительная активность 
610 1 |a винилацетат 
610 1 |a полимеры 
610 1 |a полимерные цепи 
610 1 |a реакции 
675 |a 661.71  |v 3 
700 1 |a Лавров  |b Н. А.  |g Николай Алексеевич 
801 1 |a RU  |b 63413507  |c 20120301 
801 2 |a RU  |b 63413507  |c 20141204  |g RCR 
900 |a Химическая технология полимеров 
942 |c BK 
959 |a 35/20120301  |d 1  |e 550,00  |f ЧЗТЛ:1